How Many Kpop Groups Can You Name? - Statistics

General Stats
  • This quiz has been taken 820 times
  • The average score is 38 of 87
Answer Stats
Answer % Correct
Blackpink
96%
BTS
96%
Straykids
89%
Twice
87%
Enhypen
82%
Txt
82%
Aespa
80%
Exo
79%
Exo
79%
Itzy
79%
New jeans
78%
Seventeen
78%
Lesserafim
77%
IVE
75%
Big Bang
73%
Ateez
71%
Ateez
71%
Gidle
69%
BabyMonster
66%
ILLIT
66%
Nmixx
62%
Mamamoo
61%
Nct127
61%
2NE1
60%
Nct dream
60%
Got7
58%
Izone
58%
Boynextdoor
55%
2PM
49%
Monsta X
49%
SuperJunior
49%
Gfriend
48%
Astro
47%
LOONA
47%
P1harmony
46%
Everglow
45%
Ikon
45%
SNSD
45%
Day6
44%
Dreamcatcher
44%
Fromis_9
44%
Kep1er
44%
Kiss Of Life
44%
Nct U
44%
RIIZE
43%
WayV
42%
Stayc
41%
BTOB
40%
The Boyz
40%
AOA
39%
2AM
38%
IOI
37%
FX
36%
Wanna one
32%
Purple kiss
31%
FiftyFifty
30%
Miss A
30%
Block B
29%
CLC
29%
Cravity
29%
Oh my Girl
29%
4 minute
28%
SuperM
28%
Viviz
28%
WJSN
27%
Billie
24%
Cherry Bullet
23%
AB6IX
21%
After school
21%
Blackswan
21%
The rose
21%
CIX
20%
Girls Day
19%
S.E.S
18%
ACE
17%
Pristin
16%
Vcha
16%
Brown eyed girls
15%
Weekly
11%
WOOAH
10%
Ladies code
9%
NiziU
9%
B1A4
6%
Epik High
5%
KDA
5%
Pink
5%
Boy Story
4%
No matching quizzes found
Score Distribution
Percent of People with Each Score
Percentile by Number Answered
Your Score History
You have not taken this quiz